Cotton-textile diplomacy
Tallennettuna:
| Päätekijä: | |
|---|---|
| Aineistotyyppi: | Kirja |
| Kieli: | Undetermined |
| Julkaistu: |
Michigan
Xerox University Microfilms
1977
|
| Aiheet: | |
| Tagit: |
Lisää tagi
Ei tageja, Lisää ensimmäinen tagi!
|
| Thư viện lưu trữ: | Trung tâm Học liệu Trường Đại học Cần Thơ |
|---|
| LEADER | 00498nam a2200193Ia 4500 | ||
|---|---|---|---|
| 001 | CTU_96363 | ||
| 008 | 210402s9999 xx 000 0 und d | ||
| 082 | |a 382 | ||
| 082 | |b I.79 | ||
| 100 | |a Osamu, Ishii | ||
| 245 | 0 | |a Cotton-textile diplomacy | |
| 245 | 0 | |c Osamu Ishii | |
| 260 | |a Michigan | ||
| 260 | |b Xerox University Microfilms | ||
| 260 | |c 1977 | ||
| 650 | |a Cotton trade | ||
| 650 | |z Great Britain | ||
| 904 | |i Tuyến | ||
| 980 | |a Trung tâm Học liệu Trường Đại học Cần Thơ | ||